ARRUPE JESUIT UNIVERSITY

CORONAVIRUS -STOP THE SPREAD - CLEAN,DISINFECT,COVER

The Victorian church / (Record no. 119577)

MARC details
000 -LEADER
fixed length control field 00818cam a2200289 a 4500
001 - CONTROL NUMBER
control field 779986
003 - CONTROL NUMBER IDENTIFIER
control field ARRUPE
005 - DATE AND TIME OF LATEST TRANSACTION
control field 20150709020009.0
008 - FIXED-LENGTH DATA ELEMENTS--GENERAL INFORMATION
fixed length control field 890915c19871971enk b 001 0 eng d
020 ## - INTERNATIONAL STANDARD BOOK NUMBER
International Standard Book Number 0334024099
035 ## - SYSTEM CONTROL NUMBER
System control number (OCoLC)16266477
035 ## - SYSTEM CONTROL NUMBER
System control number (OCoLC)ocm16266477
035 ## - SYSTEM CONTROL NUMBER
System control number (CStRLIN)NYCG89-B66503
035 ## - SYSTEM CONTROL NUMBER
System control number (NNC)779986
040 ## - CATALOGING SOURCE
Original cataloging agency NNC
Transcribing agency NNC
082 ## - DEWEY DECIMAL CLASSIFICATION NUMBER
Classification number BR759
Item number .C432 1971
300 ## - PHYSICAL DESCRIPTION
Dimensions 22 cm.
100 1# - MAIN ENTRY--PERSONAL NAME
Personal name Chadwick, Owen.
9 (RLIN) 6683
245 14 - TITLE STATEMENT
Title The Victorian church /
Statement of responsibility, etc by Owen Chadwick.
250 ## - EDITION STATEMENT
Edition statement 3rd ed.
260 ## - PUBLICATION, DISTRIBUTION, ETC. (IMPRINT)
Place of publication, distribution, etc London :
Name of publisher, distributor, etc SCM Press,
Date of publication, distribution, etc c1971.
300 ## - PHYSICAL DESCRIPTION
Extent x, 606p. ;
504 ## - BIBLIOGRAPHY, ETC. NOTE
Bibliography, etc Includes bibliographical references.
505 0# - FORMATTED CONTENTS NOTE
Formatted contents note v. 1. 1829-1859 -- v. 2. 1860-1901.
651 #0 - SUBJECT ADDED ENTRY--GEOGRAPHIC NAME
Geographic name England
General subdivision Church history
Chronological subdivision 19th century.
9 (RLIN) 6684
942 ## - ADDED ENTRY ELEMENTS (KOHA)
Source of classification or shelving scheme Library of Congress Classification
Koha item type Monograph ( Printed materials)
Koha issues (borrowed), all copies 2
Holdings
Withdrawn status Lost status Source of classification or shelving scheme Damaged status Not for loan Collection code Home library Current library Shelving location Date acquired Total Checkouts Full call number Barcode Date last seen Date checked out Price effective from Koha item type
    Library of Congress Classification     Main Collection ARRUPE LIBRARY ARRUPE LIBRARY Main Collection 16/01/2014 1 BR759.C432 1971 464122384 15/11/2016 23/06/2015 16/01/2014 Monograph ( Printed materials)
    Library of Congress Classification     Main Collection ARRUPE LIBRARY ARRUPE LIBRARY Main Collection 16/01/2014 1 BR759.C432 1971 464122385 15/11/2016 08/07/2015 16/01/2014 Monograph ( Printed materials)

 

Arrupe Library. PO Box MP320 Mt Pleasant, Harare, Zimbabwe
263 242 745411|librarian@aju.ac.zw